<?xml version="1.0" encoding="UTF-8"?>
<record
    xmlns:xsi="http://www.w3.org/2001/XMLSchema-instance"
    xsi:schemaLocation="http://www.loc.gov/MARC21/slim http://www.loc.gov/standards/marcxml/schema/MARC21slim.xsd"
    xmlns="http://www.loc.gov/MARC21/slim">

  <leader>01482nam a22002537a 4500</leader>
  <datafield tag="999" ind1=" " ind2=" ">
    <subfield code="c">177458</subfield>
    <subfield code="d">177458</subfield>
  </datafield>
  <controlfield tag="005">20210408111822.0</controlfield>
  <datafield tag="010" ind1=" " ind2=" ">
    <subfield code="a">B-739360-362   B-739586</subfield>
  </datafield>
  <datafield tag="020" ind1=" " ind2=" ">
    <subfield code="a">8188318736</subfield>
    <subfield code="c">450.00</subfield>
  </datafield>
  <datafield tag="035" ind1=" " ind2=" ">
    <subfield code="a">B-739360-362</subfield>
  </datafield>
  <datafield tag="035" ind1=" " ind2=" ">
    <subfield code="a">B-739586</subfield>
  </datafield>
  <datafield tag="037" ind1=" " ind2=" ">
    <subfield code="b">&#x905;&#x928;&#x941;&#x930;&#x93E;&#x917; &#x92A;&#x94D;&#x930;&#x915;&#x93E;&#x936;&#x928;</subfield>
  </datafield>
  <datafield tag="037" ind1=" " ind2=" ">
    <subfield code="b">&#x921;&#x940;.&#x92C;&#x940;.&#x90F;.&#x921;&#x940;./ &#x909;&#x92A;&#x939;&#x93E;&#x930;</subfield>
  </datafield>
  <datafield tag="082" ind1=" " ind2=" ">
    <subfield code="a">808.4</subfield>
  </datafield>
  <datafield tag="100" ind1=" " ind2=" ">
    <subfield code="a">&#x92C;&#x902;&#x926;&#x94D;&#x930;&#x935;&#x93E;&#x932;, &#x92A;&#x94D;&#x930;&#x935;&#x940;&#x923; &#x915;&#x941;&#x92E;&#x93E;&#x930;</subfield>
  </datafield>
  <datafield tag="245" ind1=" " ind2=" ">
    <subfield code="a">&#x932;&#x915;&#x94D;&#x937;&#x94D;&#x92F; &#x939;&#x93F;&#x928;&#x94D;&#x926;&#x940; &#x928;&#x93F;&#x92C;&#x902;&#x927;/</subfield>
    <subfield code="c">&#x92A;&#x94D;&#x930;&#x935;&#x940;&#x923; &#x915;&#x941;&#x92E;&#x93E;&#x930; &#x92C;&#x94D;&#x930;&#x902;&#x926;&#x94D;&#x930;&#x935;&#x93E;&#x932;</subfield>
  </datafield>
  <datafield tag="246" ind1=" " ind2=" ">
    <subfield code="a">Lakshya Hindi Nibandh</subfield>
    <subfield code="b">by Praveen Kumar Bandrawal</subfield>
  </datafield>
  <datafield tag="260" ind1=" " ind2=" ">
    <subfield code="a">&#x928;&#x908;  &#x926;&#x93F;&#x932;&#x94D;&#x932;&#x940;</subfield>
    <subfield code="b">&#x938;&#x928; &#x936;&#x93E;&#x907;&#x928; &#x92C;&#x941;&#x915;&#x94D;&#x938;</subfield>
    <subfield code="c">2017</subfield>
  </datafield>
  <datafield tag="270" ind1=" " ind2=" ">
    <subfield code="a">4760-61,&#x926;&#x94D;&#x935;&#x93F;&#x924;&#x940;&#x92F; &#x924;&#x932;, 23,&#x905;&#x902;&#x938;&#x93E;&#x930;&#x940; &#x930;&#x94B;&#x921;,&#x926;&#x930;&#x93F;&#x92F;&#x93E;&#x917;&#x902;&#x91C;,</subfield>
    <subfield code="b">&#x928;&#x908;  &#x926;&#x93F;&#x932;&#x94D;&#x932;&#x940;</subfield>
    <subfield code="e">110002</subfield>
  </datafield>
  <datafield tag="300" ind1=" " ind2=" ">
    <subfield code="a">200&#x92A;&#x943;.</subfield>
    <subfield code="c">22&#x938;&#x947;&#x92E;&#x940; (&#x938;&#x91C;&#x93F;&#x932;&#x94D;&#x926;)</subfield>
  </datafield>
  <datafield tag="650" ind1=" " ind2=" ">
    <subfield code="a">Hindi Nibandh</subfield>
  </datafield>
  <datafield tag="942" ind1=" " ind2=" ">
    <subfield code="a">dpl</subfield>
    <subfield code="c">HN</subfield>
    <subfield code="2">ddc</subfield>
    <subfield code="h">808.4</subfield>
    <subfield code="m">&#x92C;&#x902;&#x926;&#x94D;&#x930;&#x935;&#x93E;</subfield>
  </datafield>
  <datafield tag="952" ind1=" " ind2=" ">
    <subfield code="0">0</subfield>
    <subfield code="1">0</subfield>
    <subfield code="4">0</subfield>
    <subfield code="7">0</subfield>
    <subfield code="8">NFIC</subfield>
    <subfield code="a">M</subfield>
    <subfield code="b">M</subfield>
    <subfield code="d">2021-03-26</subfield>
    <subfield code="e">&#x905;&#x928;&#x941;&#x930;&#x93E;&#x917; &#x92A;&#x94D;&#x930;&#x915;&#x93E;&#x936;&#x928;/3451/15.03.2021/34/04.03.2021/17.03.2021</subfield>
    <subfield code="g">450.00</subfield>
    <subfield code="l">0</subfield>
    <subfield code="o">808.4 &#x92C;&#x902;&#x926;&#x94D;&#x930;&#x935;&#x93E;</subfield>
    <subfield code="p">B-739360</subfield>
    <subfield code="r">2021-03-26 00:00:00</subfield>
    <subfield code="t">3</subfield>
    <subfield code="v">450.00</subfield>
    <subfield code="w">2021-03-26</subfield>
    <subfield code="y">HN</subfield>
  </datafield>
  <datafield tag="952" ind1=" " ind2=" ">
    <subfield code="0">0</subfield>
    <subfield code="1">0</subfield>
    <subfield code="4">0</subfield>
    <subfield code="7">0</subfield>
    <subfield code="8">NFIC</subfield>
    <subfield code="a">M</subfield>
    <subfield code="b">M</subfield>
    <subfield code="d">2021-03-26</subfield>
    <subfield code="e">&#x905;&#x928;&#x941;&#x930;&#x93E;&#x917; &#x92A;&#x94D;&#x930;&#x915;&#x93E;&#x936;&#x928;/3451/15.03.2021/34/04.03.2021/17.03.2021</subfield>
    <subfield code="g">450.00</subfield>
    <subfield code="l">0</subfield>
    <subfield code="o">808.4 &#x92C;&#x902;&#x926;&#x94D;&#x930;&#x935;&#x93E;</subfield>
    <subfield code="p">B-739361</subfield>
    <subfield code="r">2021-03-26 00:00:00</subfield>
    <subfield code="t">3</subfield>
    <subfield code="v">450.00</subfield>
    <subfield code="w">2021-03-26</subfield>
    <subfield code="y">HN</subfield>
  </datafield>
  <datafield tag="952" ind1=" " ind2=" ">
    <subfield code="0">0</subfield>
    <subfield code="1">0</subfield>
    <subfield code="4">0</subfield>
    <subfield code="7">0</subfield>
    <subfield code="8">NFIC</subfield>
    <subfield code="a">M</subfield>
    <subfield code="b">M</subfield>
    <subfield code="d">2021-03-26</subfield>
    <subfield code="e">&#x905;&#x928;&#x941;&#x930;&#x93E;&#x917; &#x92A;&#x94D;&#x930;&#x915;&#x93E;&#x936;&#x928;/3451/15.03.2021/34/04.03.2021/17.03.2021</subfield>
    <subfield code="g">450.00</subfield>
    <subfield code="l">0</subfield>
    <subfield code="o">808.4 &#x92C;&#x902;&#x926;&#x94D;&#x930;&#x935;&#x93E;</subfield>
    <subfield code="p">B-739362</subfield>
    <subfield code="r">2021-03-26 00:00:00</subfield>
    <subfield code="t">3</subfield>
    <subfield code="v">450.00</subfield>
    <subfield code="w">2021-03-26</subfield>
    <subfield code="y">HN</subfield>
  </datafield>
  <datafield tag="952" ind1=" " ind2=" ">
    <subfield code="0">0</subfield>
    <subfield code="1">0</subfield>
    <subfield code="4">0</subfield>
    <subfield code="7">0</subfield>
    <subfield code="8">NFIC</subfield>
    <subfield code="a">L</subfield>
    <subfield code="b">L</subfield>
    <subfield code="d">2021-04-08</subfield>
    <subfield code="e">&#x909;&#x92A;&#x939;&#x93E;&#x930;/05.04.2021</subfield>
    <subfield code="g">450.00</subfield>
    <subfield code="l">3</subfield>
    <subfield code="o">808.4 &#x92C;&#x902;&#x926;&#x94D;&#x930;&#x935;&#x93E;</subfield>
    <subfield code="p">B-739586</subfield>
    <subfield code="r">2022-07-18 00:00:00</subfield>
    <subfield code="s">2022-06-28</subfield>
    <subfield code="t">1</subfield>
    <subfield code="v">450.00</subfield>
    <subfield code="w">2021-04-08</subfield>
    <subfield code="y">HN</subfield>
    <subfield code="z">&#x909;&#x92A;&#x939;&#x93E;&#x930;</subfield>
  </datafield>
</record>
